Зажигание полимерного материала одиночной, нагретой до высоких температур частицей; Пожаровзрывобезопасность; № 9

Xehetasun bibliografikoak
Parent link:Пожаровзрывобезопасность.— , 1992-
№ 9.— 2011.— С. 3-8
Egile nagusia: Глушков Д. О. Дмитрий Олегович
Beste egile batzuk: Стрижак П. А. Павел Александрович
Gaia:Выполнено численное исследование закономерностей зажигания полимерного материала одиночной горячей частицей металла в рамках газофазной модели зажигания, учитывающей процессы теплопроводности, пиролиза вещества и диффузии продуктов газификации в среде окислителя. Установлены зависимости времени задержки зажигания полимерного материала от начальной температуры и размеров локального источника энергии. Определены минимальные значения начальной температуры и размеров частицы, при которых реализуются условия зажигания.
В фонде НТБ ТПУ отсутствует
Hizkuntza:errusiera
Argitaratua: 2011
Gaiak:
Formatua: MixedMaterials Liburu kapitulua
KOHA link:https://koha.lib.tpu.ru/cgi-bin/koha/opac-detail.pl?biblionumber=599269

MARC

LEADER 00000naa0a2200000 4500
001 599269
005 20250418092329.0
035 |a (RuTPU)RU\TPU\tpu\23218 
035 |a RU\TPU\tpu\23217 
090 |a 599269 
100 |a 20130527d2011 k||y0rusy50 ca 
101 0 |a rus 
102 |a RU 
200 1 |a Зажигание полимерного материала одиночной, нагретой до высоких температур частицей  |f Д. О. Глушков, П. А. Стрижак 
320 |a Библиогр.: с. 7-8 (17 назв.) 
330 |a Выполнено численное исследование закономерностей зажигания полимерного материала одиночной горячей частицей металла в рамках газофазной модели зажигания, учитывающей процессы теплопроводности, пиролиза вещества и диффузии продуктов газификации в среде окислителя. Установлены зависимости времени задержки зажигания полимерного материала от начальной температуры и размеров локального источника энергии. Определены минимальные значения начальной температуры и размеров частицы, при которых реализуются условия зажигания. 
333 |a В фонде НТБ ТПУ отсутствует 
461 |t Пожаровзрывобезопасность  |d 1992- 
463 |t № 9  |v С. 3-8  |d 2011 
610 1 |a труды учёных ТПУ 
700 1 |a Глушков  |b Д. О.  |c специалист в области теплоэнергетики  |c профессор, директор ИШФВП Томского политехнического университета, доктор технических наук  |f 1988-  |g Дмитрий Олегович  |3 (RuTPU)RU\TPU\pers\29001  |9 13722 
701 1 |a Стрижак  |b П. А.  |c специалист в области теплоэнергетики  |c профессор Томского политехнического университета, доктор физико-математических наук  |f 1985-  |g Павел Александрович  |3 (RuTPU)RU\TPU\pers\25983  |4 070  |9 11832 
801 1 |a RU  |b 63413507  |c 20130527 
801 2 |a RU  |b 63413507  |c 20130605  |g RCR 
850 |a 63413507 
942 |c CR